[Event "FIDE Chesscom Grand Swiss 2021"]
[Site "Riga"]
[Date "2021.11.07"]
[Round "11.26"]
[White "Moussard, Jules"]
[Black "Matlakov, Maxim"]
[Result "1-0"]
[WhiteElo "2632"]
[BlackElo "2682"]
[Annotator "TA"]
[PlyCount "65"]
[EventDate "2021.10.27"]
[EventType "swiss"]
[EventCountry "LAT"]
[Tiebreak "Cut1 Buchholz+Sonneborn-Berger (Swiss)"]
[SourceTitle "playchess.com"]
[Source "ChessBase"]
[SourceQuality "1"]

{[%evp 19,65,18,78,34,72,47,86,61,105,85,127,104,107,83,124,141,134,127,143,
135,200,120,122,96,99,97,111,74,74,75,104,77,122,125,152,109,114,132,121,106,
116,115,441,389,527,512,389,394]} 1. e4 c5 2. Nf3 d6 3. d4 cxd4 4. Nxd4 Nf6 5.
Nc3 a6 6. Be3 e5 7. Nb3 Be7 8. f3 Be6 9. Qd2 Nbd7 10. g4 Nb6 (10... O-O $11)
11. g5 {is the legacy move (11.0-0-0). B90: Sicilian Najdorf: Unusual White
6th moves, 6 Be3 Ng4 and 6 Be3 e5.} Nfd7 12. O-O-O Qc7 13. Kb1 {White is
better.} Rc8 14. h4 Nc4 15. Bxc4 Qxc4 16. f4 {f5 is the strong threat.} exf4
17. Bxf4 Ne5 18. Nd4 O-O 19. Nf5 Qc7 {[#]} (19... Rfe8 $16 {was necessary.})
20. Nxe7+ $146 (20. Nxd6 $6 Qxd6 21. Qxd6 Bxd6 $16) ({Predecessor:} 20. Qd4
Rfd8 21. Qf2 Bf8 22. Nd5 Bxd5 23. Rxd5 Qc4 24. Rhd1 Re8 25. R1d4 Qc7 26. Nxd6
Bxd6 27. Rxd6 {1-0 (41) Saric,I (2303)-Muhvic,D (2252) Rijeka 2001}) 20... Qxe7
21. Qxd6 Qxd6 22. Rxd6 Nc4 23. Rd3 f5 {And now ...fxe4 would win.} 24. e5 Rc5
25. Na4 Ra5 26. b3 Rc8 27. h5 (27. bxc4 Rxa4 28. Rd6 Bxc4 $17) 27... b5 {[#]}
28. g6 $1 bxa4 {[#]} 29. Rhd1 $1 {White wants to mate with Rd8+.} ({Don't do} 
29. bxc4 Bxc4 30. Rd6 Rd5 $14) 29... hxg6 (29... Na3+ $2 30. Kb2 $18) 30. hxg6
{Intending Rd8+ and mate.} Na3+ $2 {[%mdl 8192]} (30... Re8 $16) 31. Kb2 $18 {
Rd8+ would kill now.} Re8 {[#]} 32. Rd8 $1 {[%cal Rd8e8]} Kf8 33. Bg5 {
Weighted Error Value: White=0.15/Black=0.43} ({Don't go for} 33. Kxa3 $2 axb3+
34. Kb2 Rxa2+ 35. Kc1 Rxc2+ 36. Kb1 Rg2 $19) 1-0

[Event "FIDE Chesscom Grand Swiss 2021"]
[Site "Riga"]
[Date "2021.11.07"]
[Round "11.27"]
[White "Cori, Jorge"]
[Black "Yakubboev, Nodirbek"]
[Result "1/2-1/2"]
[WhiteElo "2655"]
[BlackElo "2621"]
[Annotator "TA"]
[PlyCount "91"]
[EventDate "2021.10.27"]
[EventType "swiss"]
[EventCountry "LAT"]
[Tiebreak "Cut1 Buchholz+Sonneborn-Berger (Swiss)"]
[SourceTitle "playchess.com"]
[Source "ChessBase"]
[SourceQuality "1"]

{[%evp 24,91,29,0,32,29,19,26,19,28,26,12,0,-11,-9,-147,-139,-133,-154,-253,
-243,-295,-295,-197,-48,-52,-50,-64,0,0,38,4,91,79,90,90,78,78,96,78,149,47,33,
0,0,0,0,0,43,43,43,43,43,43,42,48,39,20,70,70,70,70,70,70,70,70,70,32,32,32]} 
1. d4 Nf6 2. c4 g6 3. Nc3 Bg7 4. e4 d6 5. Nf3 O-O 6. Be2 e5 7. d5 a5 8. Bg5 h6
9. Bh4 Na6 {[%cal Bb8a6,Ba6c5,Bc5a4,Ba4c3][%mdl 32]} 10. Nd2 Bd7 11. a3 Qe8 12.
b3 {[%cal Bb2b3,Bb3b4][%mdl 32]} Nc5 13. O-O g5 {E92: King's Indian: Classical:
6 Be2 e5: 7 dxe5, 7 Be3 and Petrosian System without 7...Nbd7.} 14. Bg3 {[#]}
h5 $146 ({Predecessor:} 14... Qc8 15. b4 Na6 16. Qb3 axb4 17. axb4 Ne8 18. f3
f5 19. Bf2 g4 20. c5 Kh8 21. c6 bxc6 22. dxc6 Bxc6 23. b5 Bxb5 24. Bxb5 c6 25.
Be2 {1-0 (25) Ramos Ferrandis,J (2067)-Palomo Ruiperez,B (1758) Quart de
Poblet 2014}) 15. f3 (15. Bxh5 $2 g4 $19) 15... h4 {White has an edge.} 16. Bf2
Nh5 17. b4 Na4 18. Qc2 Nf4 {aiming for ...Nxc3.} 19. Bd3 (19. Rfe1 $11) 19...
Nxc3 $17 20. Qxc3 f5 21. Rfe1 (21. Rae1 $17) 21... axb4 $19 22. axb4 Rxa1 23.
Rxa1 h3 (23... fxe4 $1 $19 24. Nxe4 g4 25. fxg4 (25. Bxh4 $2 gxf3 26. gxf3 Qh5
$19) 25... Bxg4 26. Bxh4 Be2) 24. g3 $15 Nxd3 25. Qxd3 Qg6 (25... g4 $15) 26.
Ra7 $11 g4 27. Rxb7 gxf3 (27... Bh6 $1 $11) 28. Rxc7 $16 fxe4 29. Qxe4 Bf5 {[#]
} 30. Qe1 ({But not} 30. Qxf3 $2 Bh6 $19) 30... Bh6 31. b5 {Threatens to win
with b6.} ({Avoid the trap} 31. Nxf3 $2 Bc2 $19) 31... Rf7 {[#]} (31... Bxd2
$142 32. Qxd2 Rc8) 32. Rxf7 ({White should try} 32. Rc6 $1 $16) 32... Bxd2 $14
33. Qxd2 (33. Rf6 $5 Qxf6 34. Qxd2 $14) 33... Kxf7 34. c5 dxc5 35. d6 {d7 is
the strong threat.} Be6 36. d7 Qb1+ 37. Be1 f2+ $1 38. Qxf2+ Ke7 39. Qxc5+ {
[%mdl 64] Double Attack} Kxd7 {[%cal Rb1e1]} 40. Qb4 Qd3 41. Qd2 $1 {[%cal
Rd2d3] White is slightly better.} Qd4+ 42. Qxd4+ exd4 43. Kf2 Bc4 44. b6 $1 Kc6
45. Ba5 Bd5 46. g4 {Weighted Error Value: White=0.26/Black=0.22} 1/2-1/2

[Event "FIDE Chesscom Grand Swiss 2021"]
[Site "Riga"]
[Date "2021.11.07"]
[Round "11.28"]
[White "Demchenko, Anton"]
[Black "Hovhannisyan, Robert"]
[Result "*"]
[WhiteElo "2651"]
[BlackElo "2622"]
[Annotator "RC"]
[PlyCount "56"]
[EventDate "2021.10.27"]
[EventType "swiss"]
[EventCountry "LAT"]
[Tiebreak "Cut1 Buchholz+Sonneborn-Berger (Swiss)"]
[SourceTitle "playchess.com"]
[Source "ChessBase"]
[SourceQuality "1"]
[TimeControl "40/6000+30:20/3000+30:900+30"]

1. e4 {[%emt 0:00:03]} e5 {[%emt 0:00:05]} 2. Nf3 {[%emt 0:00:08]} Nc6 {
[%emt 0:00:04]} 3. Bc4 {[%emt 0:00:08]} Bc5 {[%emt 0:00:08]} 4. d3 {[%emt 0:00:
05]} Nf6 {[%emt 0:00:05]} 5. a4 {[%emt 0:00:16]} a5 {[%emt 0:01:53]} 6. Be3 {
[%emt 0:00:21]} Bxe3 {[%emt 0:12:46]} 7. fxe3 {[%emt 0:01:21]} O-O {[%emt 0:00:
09]} 8. Nc3 {[%emt 0:00:24]} d6 {[%emt 0:00:23]} 9. Qe2 {[%emt 0:00:19]} Be6 {
[%emt 0:03:34]} 10. O-O-O {[%emt 0:03:13]} Qe7 {[%emt 0:07:40]} 11. Kb1 {
[%emt 0:01:09]} Rad8 {[%emt 0:02:03]} 12. Bxe6 {[%emt 0:03:41]} Qxe6 {[%emt 0:
05:51]} 13. g4 {[%emt 0:00:55]} Nb4 {[%emt 0:07:18]} 14. g5 {[%emt 0:03:59]}
Nd7 {[%emt 0:00:59]} 15. d4 {[%emt 0:01:07]} c6 {[%emt 0:03:41]} 16. h4 {
[%emt 0:09:47]} d5 {[%emt 0:04:08]} 17. exd5 {[%emt 0:10:55]} cxd5 {[%emt 0:00:
19]} 18. dxe5 {[%emt 0:16:53]} Nxe5 {[%emt 0:01:06]} 19. Nxe5 {[%emt 0:09:11]}
Qxe5 {[%emt 0:00:13]} 20. Rd4 {[%emt 0:01:51]} Rfe8 {[%emt 0:11:09]} 21. Rhd1 {
[%emt 0:00:22]} Rc8 {[%emt 0:07:21]} 22. Qf2 {[%emt 0:04:05]} Rc4 {[%emt 0:05:
28]} 23. Rxc4 {[%emt 0:11:28]} dxc4 {[%emt 0:00:04]} 24. Rd4 {[%emt 0:00:04]}
Qe6 {[%emt 0:04:13]} 25. Re4 {[%emt 0:15:22]} Qc6 {[%emt 0:00:52]} 26. Rxe8+ {
[%emt 0:01:16]} Qxe8 {[%emt 0:00:04]} 27. Qf4 {[%emt 0:00:04]} h6 {[%emt 0:10:
51]} 28. Qxc4 {[%emt 0:10:33]} Qxe3 {[%emt 0:01:26]} *

[Event "FIDE Chesscom Grand Swiss 2021"]
[Site "Riga"]
[Date "2021.11.07"]
[Round "11.29"]
[White "Donchenko, Alexander"]
[Black "Zvjaginsev, Vadim"]
[Result "0-1"]
[WhiteElo "2648"]
[BlackElo "2609"]
[Annotator "RC"]
[PlyCount "82"]
[EventDate "2021.10.27"]
[EventType "swiss"]
[EventCountry "LAT"]
[Tiebreak "Cut1 Buchholz+Sonneborn-Berger (Swiss)"]
[SourceTitle "playchess.com"]
[Source "ChessBase"]
[SourceQuality "1"]
[TimeControl "40/6000+30:20/3000+30:900+30"]

1. d4 {[%emt 0:00:04]} c5 {[%emt 0:01:32]} 2. d5 {[%emt 0:00:20]} g6 {[%emt 0:
00:19]} 3. e4 {[%emt 0:01:03]} Bg7 {[%emt 0:00:22]} 4. c4 {[%emt 0:00:59]} d6 {
[%emt 0:00:18]} 5. Be2 {[%emt 0:01:28]} e6 {[%emt 0:01:06]} 6. Nf3 {[%emt 0:01:
06]} exd5 {[%emt 0:02:49]} 7. cxd5 {[%emt 0:01:09]} Bg4 {[%emt 0:01:08]} 8.
Nfd2 {[%emt 0:04:57]} Bxe2 {[%emt 0:01:26]} 9. Qxe2 {[%emt 0:00:10]} Ne7 {
[%emt 0:06:47]} 10. Nc3 {[%emt 0:06:08]} Nd7 {[%emt 0:06:15]} 11. h4 {[%emt 0:
12:42]} O-O {[%emt 0:01:33]} 12. h5 {[%emt 0:02:25]} Re8 {[%emt 0:02:57]} 13.
hxg6 {[%emt 0:01:48]} hxg6 {[%emt 0:01:05]} 14. Nc4 {[%emt 0:06:08]} Nf5 {
[%emt 0:04:12]} 15. Bf4 {[%emt 0:05:08]} Nb6 {[%emt 0:04:33]} 16. Nd2 {[%emt 0:
23:08]} Nd4 {[%emt 0:26:28]} 17. Qd3 {[%emt 0:10:05]} c4 {[%emt 0:04:12]} 18.
Qh3 {[%emt 0:00:10]} g5 {[%emt 0:04:40]} 19. Be3 {[%emt 0:02:06]} Nc2+ {
[%emt 0:00:26]} 20. Kd1 {[%emt 0:01:48]} Nxa1 {[%emt 0:00:13]} 21. Nf3 {
[%emt 0:00:25]} Nd7 {[%emt 0:02:23]} 22. Bxg5 {[%emt 0:12:17]} Qb6 {[%emt 0:05:
11]} 23. Qh7+ {[%emt 0:03:07]} Kf8 {[%emt 0:00:08]} 24. Bh6 {[%emt 0:00:04]}
Bxh6 {[%emt 0:00:08]} 25. Qxh6+ {[%emt 0:00:40]} Ke7 {[%emt 0:00:04]} 26. Qg5+
{[%emt 0:00:33]} f6 {[%emt 0:00:09]} 27. Rh7+ {[%emt 0:00:36]} Kd8 {[%emt 0:00:
04]} 28. Qg7 {[%emt 0:00:52]} Nf8 {[%emt 0:00:50]} 29. Qxf6+ {[%emt 0:02:22]}
Kc8 {[%emt 0:00:30]} 30. Rf7 {[%emt 0:01:05]} Nd7 {[%emt 0:02:30]} 31. Qg7 {
[%emt 0:05:39]} Rd8 {[%emt 0:00:35]} 32. Ne2 {[%emt 0:02:42]} a5 {[%emt 0:05:
09]} 33. Nf4 {[%emt 0:01:47]} Qxf2 {[%emt 0:02:19]} 34. Ne6 {[%emt 0:00:16]}
Nc2 {[%emt 0:01:15]} 35. Qc3 {[%emt 0:01:45]} Ne3+ {[%emt 0:00:19]} 36. Kc1 {
[%emt 0:00:02]} Rg8 {[%emt 0:00:50]} 37. b3 {[%emt 0:01:12]} Ne5 {[%emt 0:04:
11]} 38. Nxe5 {[%emt 0:00:41]} Qg1+ {[%emt 0:00:14]} 39. Kb2 {[%emt 0:00:05]}
Nd1+ {[%emt 0:00:25]} 40. Ka3 {[%emt 0:00:42]} Nxc3 {[%emt 0:00:15]} 41. Rc7+ {
[%emt 0:50:44]} Kb8 {[%emt 0:50:04]} 0-1

[Event "FIDE Chesscom Grand Swiss 2021"]
[Site "Riga"]
[Date "2021.11.07"]
[Round "11.30"]
[White "Abdusattorov, Nodirbek"]
[Black "Sindarov, Javokhir"]
[Result "1/2-1/2"]
[WhiteElo "2646"]
[BlackElo "2587"]
[Annotator "RC"]
[PlyCount "60"]
[EventDate "2021.10.27"]
[EventType "swiss"]
[EventCountry "LAT"]
[Tiebreak "Cut1 Buchholz+Sonneborn-Berger (Swiss)"]
[SourceTitle "playchess.com"]
[Source "ChessBase"]
[SourceQuality "1"]
[TimeControl "40/6000+30:20/3000+30:900+30"]

1. d4 {[%emt 0:00:21]} Nf6 {[%emt 0:00:51]} 2. c4 {[%emt 0:00:13]} g6 {[%emt 0:
00:12]} 3. Nc3 {[%emt 0:00:09]} d5 {[%emt 0:00:10]} 4. cxd5 {[%emt 0:01:02]}
Nxd5 {[%emt 0:00:10]} 5. e4 {[%emt 0:00:15]} Nxc3 {[%emt 0:00:06]} 6. bxc3 {
[%emt 0:00:08]} Bg7 {[%emt 0:00:05]} 7. Nf3 {[%emt 0:00:39]} c5 {[%emt 0:00:31]
} 8. Be3 {[%emt 0:00:10]} Qa5 {[%emt 0:00:17]} 9. Qd2 {[%emt 0:00:30]} Nc6 {
[%emt 0:00:05]} 10. Rb1 {[%emt 0:00:48]} a6 {[%emt 0:00:22]} 11. Rc1 {[%emt 0:
00:19]} cxd4 {[%emt 0:01:08]} 12. cxd4 {[%emt 0:00:11]} Qxd2+ {[%emt 0:00:12]}
13. Kxd2 {[%emt 0:00:13]} e6 {[%emt 0:02:58]} 14. h4 {[%emt 0:01:47]} O-O {
[%emt 0:57:50]} 15. Bd3 {[%emt 0:01:29]} Bd7 {[%emt 0:05:55]} 16. h5 {[%emt 0:
02:00]} Rfc8 {[%emt 0:00:16]} 17. h6 {[%emt 0:03:19]} Bf8 {[%emt 0:00:36]} 18.
Bg5 {[%emt 0:14:50]} b5 {[%emt 0:15:40]} 19. Rc2 {[%emt 0:09:29]} f5 {[%emt 0:
03:43]} 20. Ke3 {[%emt 0:19:54]} Nb4 {[%emt 0:07:27]} 21. Rxc8 {[%emt 0:00:15]}
Rxc8 {[%emt 0:00:01]} 22. Bb1 {[%emt 0:06:24]} Nc2+ {[%emt 0:02:51]} 23. Kd2 {
[%emt 0:00:21]} Na3 {[%emt 0:04:04]} 24. Bd3 {[%emt 0:03:19]} Nc4+ {[%emt 0:00:
14]} 25. Ke2 {[%emt 0:00:26]} Bc6 {[%emt 0:00:16]} 26. exf5 {[%emt 0:05:27]}
exf5 {[%emt 0:00:10]} 27. Rc1 {[%emt 0:01:43]} Bd5 {[%emt 0:03:40]} 28. Ne5 {
[%emt 0:00:23]} Ba3 {[%emt 0:02:34]} 29. Rc2 {[%emt 0:00:42]} Be6 {[%emt 0:01:
33]} 30. Bc1 {[%emt 0:01:30]} Bd5 {[%emt 0:00:29]} 1/2-1/2

[Event "FIDE Chesscom Grand Swiss 2021"]
[Site "Riga"]
[Date "2021.11.07"]
[Round "11.31"]
[White "Tari, Aryan"]
[Black "Nguyen, Thai Dai Van"]
[Result "1/2-1/2"]
[WhiteElo "2646"]
[BlackElo "2577"]
[Annotator "RC"]
[PlyCount "84"]
[EventDate "2021.10.27"]
[EventType "swiss"]
[EventCountry "LAT"]
[Tiebreak "Cut1 Buchholz+Sonneborn-Berger (Swiss)"]
[SourceTitle "playchess.com"]
[Source "ChessBase"]
[SourceQuality "1"]
[TimeControl "40/6000+30:20/3000+30:900+30"]

1. e4 {[%emt 0:00:08]} e5 {[%emt 0:00:55]} 2. Nf3 {[%emt 0:00:08]} Nc6 {
[%emt 0:00:23]} 3. Bb5 {[%emt 0:00:10]} a6 {[%emt 0:00:14]} 4. Ba4 {[%emt 0:00:
05]} Nf6 {[%emt 0:00:50]} 5. O-O {[%emt 0:00:24]} Nxe4 {[%emt 0:01:17]} 6. Re1
{[%emt 0:06:34]} b5 {[%emt 0:30:21]} 7. Nxe5 {[%emt 0:39:03]} Nxe5 {[%emt 0:02:
55]} 8. Rxe4 {[%emt 0:00:39]} d6 {[%emt 0:11:48]} 9. Bb3 {[%emt 0:06:19]} Bb7 {
[%emt 0:11:50]} 10. Re1 {[%emt 0:06:18]} Be7 {[%emt 0:00:36]} 11. d4 {[%emt 0:
01:28]} Ng6 {[%emt 0:01:10]} 12. Nc3 {[%emt 0:01:52]} O-O {[%emt 0:03:25]} 13.
Qh5 {[%emt 0:01:42]} Qd7 {[%emt 0:04:30]} 14. Nd5 {[%emt 0:02:18]} Bxd5 {
[%emt 0:07:31]} 15. Bxd5 {[%emt 0:00:46]} c6 {[%emt 0:00:20]} 16. Be4 {[%emt 0:
02:47]} Rfe8 {[%emt 0:00:10]} 17. Bd2 {[%emt 0:01:25]} Bf6 {[%emt 0:02:19]} 18.
c3 {[%emt 0:01:32]} d5 {[%emt 0:02:26]} 19. Bf5 {[%emt 0:01:35]} Qb7 {[%emt 0:
04:14]} 20. b4 {[%emt 0:03:20]} Rxe1+ {[%emt 0:02:46]} 21. Rxe1 {[%emt 0:00:21]
} Nf8 {[%emt 0:03:43]} 22. Qf3 {[%emt 0:01:30]} a5 {[%emt 0:00:08]} 23. a3 {
[%emt 0:05:07]} axb4 {[%emt 0:00:06]} 24. axb4 {[%emt 0:00:05]} Ra2 {[%emt 0:
02:06]} 25. Qf4 {[%emt 0:03:23]} Qa8 {[%emt 0:06:30]} 26. g3 {[%emt 0:03:37]}
Ra1 {[%emt 0:01:14]} 27. Bb1 {[%emt 0:03:31]} Ra7 {[%emt 0:01:05]} 28. Kg2 {
[%emt 0:01:21]} Qd8 {[%emt 0:00:42]} 29. Bd3 {[%emt 0:01:41]} Ne6 {[%emt 0:00:
47]} 30. Qg4 {[%emt 0:00:16]} Ra2 {[%emt 0:00:56]} 31. Bc1 {[%emt 0:04:18]} Qe7
{[%emt 0:03:57]} 32. Bf5 {[%emt 0:03:20]} Ra8 {[%emt 0:02:05]} 33. h4 {[%emt 0:
01:40]} Re8 {[%emt 0:01:19]} 34. Bd2 {[%emt 0:00:20]} Qd7 {[%emt 0:02:11]} 35.
h5 {[%emt 0:00:43]} g6 {[%emt 0:00:03]} 36. Bd3 {[%emt 0:01:32]} Bg7 {[%emt 0:
00:28]} 37. h6 {[%emt 0:01:48]} f5 {[%emt 0:01:00]} 38. Qh4 {[%emt 0:02:40]}
Bf8 {[%emt 0:00:01]} 39. Ra1 {[%emt 0:02:36]} Be7 {[%emt 0:00:14]} 40. Qh1 {
[%emt 0:00:11]} Bd6 {[%emt 0:00:30]} 41. Kg1 {[%emt 0:09:36]} Be7 {[%emt 0:12:
59]} 42. Re1 {[%emt 0:03:21]} Bg5 {[%emt 0:04:22]} 1/2-1/2

[Event "FIDE Chesscom Grand Swiss 2021"]
[Site "Riga"]
[Date "2021.11.07"]
[Round "11.32"]
[White "Tabatabaei, M. Amin"]
[Black "Kuybokarov, Temur"]
[Result "1/2-1/2"]
[WhiteElo "2639"]
[BlackElo "2549"]
[Annotator "RC"]
[PlyCount "90"]
[EventDate "2021.10.27"]
[EventType "swiss"]
[EventCountry "LAT"]
[Tiebreak "Cut1 Buchholz+Sonneborn-Berger (Swiss)"]
[SourceTitle "playchess.com"]
[Source "ChessBase"]
[SourceQuality "1"]
[TimeControl "40/6000+30:20/3000+30:900+30"]

1. d4 {[%emt 0:04:03]} d5 {[%emt 0:00:19]} 2. Nf3 {[%emt 0:00:12]} Nf6 {
[%emt 0:00:32]} 3. Bf4 {[%emt 0:00:05]} c5 {[%emt 0:04:53]} 4. e3 {[%emt 0:00:
34]} Nc6 {[%emt 0:00:40]} 5. Nbd2 {[%emt 0:00:09]} Bg4 {[%emt 0:03:28]} 6. c3 {
[%emt 0:09:26]} e6 {[%emt 0:00:49]} 7. Qb3 {[%emt 0:00:16]} Qc8 {[%emt 0:01:55]
} 8. h3 {[%emt 0:00:07]} Bh5 {[%emt 0:02:00]} 9. Be2 {[%emt 0:01:00]} Be7 {
[%emt 0:10:35]} 10. O-O {[%emt 0:00:12]} O-O {[%emt 0:08:14]} 11. Qd1 {[%emt 0:
00:36]} Qd8 {[%emt 0:02:27]} 12. a4 {[%emt 0:02:08]} Bd6 {[%emt 0:04:29]} 13.
dxc5 {[%emt 0:05:54]} Bxc5 {[%emt 0:00:22]} 14. a5 {[%emt 0:01:48]} Bd6 {
[%emt 0:04:21]} 15. a6 {[%emt 0:02:12]} b6 {[%emt 0:01:35]} 16. Qa4 {[%emt 0:
00:45]} Rc8 {[%emt 0:06:53]} 17. Bb5 {[%emt 0:02:38]} Ne7 {[%emt 0:01:24]} 18.
Rfe1 {[%emt 0:04:11]} Bg6 {[%emt 0:06:59]} 19. Rad1 {[%emt 0:14:23]} Nf5 {
[%emt 0:11:11]} 20. g4 {[%emt 0:09:46]} Ne7 {[%emt 0:00:27]} 21. Ne5 {[%emt 0:
01:22]} Qc7 {[%emt 0:04:26]} 22. Ndc4 {[%emt 0:06:38]} dxc4 {[%emt 0:01:58]}
23. Rxd6 {[%emt 0:01:30]} Qxd6 {[%emt 0:00:33]} 24. Nxg6 {[%emt 0:00:08]} Qc5 {
[%emt 0:00:38]} 25. Nxf8 {[%emt 0:00:09]} Kxf8 {[%emt 0:00:08]} 26. Rd1 {
[%emt 0:00:21]} e5 {[%emt 0:03:55]} 27. Bh2 {[%emt 0:13:37]} g5 {[%emt 0:03:45]
} 28. b4 {[%emt 0:10:50]} cxb3 {[%emt 0:02:11]} 29. Qxb3 {[%emt 0:00:02]} Ng6 {
[%emt 0:02:37]} 30. c4 {[%emt 0:03:19]} Kg7 {[%emt 0:08:13]} 31. Qd3 {[%emt 0:
00:45]} Qb4 {[%emt 0:00:49]} 32. Bg3 {[%emt 0:04:36]} Qb2 {[%emt 0:00:57]} 33.
Qf5 {[%emt 0:01:45]} Rc5 {[%emt 0:00:15]} 34. Qd3 {[%emt 0:05:23]} h5 {[%emt 0:
00:11]} 35. Rd2 {[%emt 0:01:20]} Qc1+ {[%emt 0:01:24]} 36. Rd1 {[%emt 0:00:01]}
Qb2 {[%emt 0:00:05]} 37. Qd2 {[%emt 0:04:16]} Qb3 {[%emt 0:00:46]} 38. Qe2 {
[%emt 0:02:10]} hxg4 {[%emt 0:00:44]} 39. hxg4 {[%emt 0:00:01]} Ne4 {[%emt 0:
04:56]} 40. Rd7 {[%emt 0:01:18]} Nxg3 {[%emt 0:07:30]} 41. fxg3 {[%emt 0:50:02]
} e4 {[%emt 0:03:10]} 42. Rxa7 {[%emt 0:00:00]} Ne5 {[%emt 0:00:07]} 43. Re7
Nf3+ {[%emt 0:00:03]} 44. Kg2 {[%emt 0:00:01]} Qb1 {[%emt 0:00:40]} 45. Rxe4
Ne1+ {[%emt 0:00:06]} 1/2-1/2

[Event "FIDE Chesscom Grand Swiss 2021"]
[Site "Riga"]
[Date "2021.11.07"]
[Round "11.33"]
[White "Sadhwani, Raunak"]
[Black "Niemann, Hans Moke"]
[Result "1/2-1/2"]
[WhiteElo "2609"]
[BlackElo "2638"]
[Annotator "RC"]
[PlyCount "149"]
[EventDate "2021.10.27"]
[EventType "swiss"]
[EventCountry "LAT"]
[Tiebreak "Cut1 Buchholz+Sonneborn-Berger (Swiss)"]
[SourceTitle "playchess.com"]
[Source "ChessBase"]
[SourceQuality "1"]
[TimeControl "40/6000+30:20/3000+30:900+30"]

1. e4 {[%emt 0:00:02]} e5 {[%emt 0:00:21]} 2. Nf3 {[%emt 0:00:04]} Nc6 {
[%emt 0:00:10]} 3. Bb5 {[%emt 0:00:04]} a6 {[%emt 0:00:11]} 4. Ba4 {[%emt 0:00:
03]} Nf6 {[%emt 0:00:14]} 5. O-O {[%emt 0:00:05]} Be7 {[%emt 0:03:03]} 6. Re1 {
[%emt 0:00:09]} b5 {[%emt 0:00:05]} 7. Bb3 {[%emt 0:00:03]} O-O {[%emt 0:00:14]
} 8. c3 {[%emt 0:00:01]} d6 {[%emt 0:02:06]} 9. h3 {[%emt 0:00:05]} Bb7 {
[%emt 0:00:09]} 10. d4 {[%emt 0:00:05]} Re8 {[%emt 0:00:06]} 11. Ng5 {[%emt 0:
00:02]} Rf8 {[%emt 0:00:06]} 12. Nf3 {[%emt 0:00:03]} h6 {[%emt 0:06:13]} 13.
Nbd2 {[%emt 0:01:01]} Re8 {[%emt 0:00:14]} 14. Nf1 {[%emt 0:00:10]} Bf8 {
[%emt 0:00:08]} 15. Ng3 {[%emt 0:02:04]} Na5 {[%emt 0:01:06]} 16. Bc2 {[%emt 0:
00:04]} Nc4 {[%emt 0:04:37]} 17. Nh2 {[%emt 0:09:54]} d5 {[%emt 0:01:58]} 18.
b3 {[%emt 0:03:59]} Nb6 {[%emt 0:03:50]} 19. dxe5 {[%emt 0:02:34]} Nxe4 {
[%emt 0:00:22]} 20. Nxe4 {[%emt 0:10:54]} dxe4 {[%emt 0:00:13]} 21. Bf4 {
[%emt 0:01:02]} f5 {[%emt 0:05:45]} 22. exf6 {[%emt 0:01:41]} Qxf6 {[%emt 0:03:
32]} 23. Qg4 {[%emt 0:28:27]} h5 {[%emt 0:03:59]} 24. Qg3 {[%emt 0:03:18]} Bd6
{[%emt 0:07:28]} 25. Bxd6 {[%emt 0:00:25]} cxd6 {[%emt 0:00:09]} 26. Rad1 {
[%emt 0:04:11]} d5 {[%emt 0:00:24]} 27. Rd4 {[%emt 0:00:42]} Rac8 {[%emt 0:10:
27]} 28. Bd1 {[%emt 0:03:40]} Re5 {[%emt 0:03:02]} 29. Be2 {[%emt 0:10:26]} Rf8
{[%emt 0:02:05]} 30. Qe3 {[%emt 0:01:56]} Nc8 {[%emt 0:00:30]} 31. Rf1 {
[%emt 0:03:14]} Nd6 {[%emt 0:02:15]} 32. f4 {[%emt 0:01:55]} exf3 {[%emt 0:04:
48]} 33. Qxf3 {[%emt 0:00:15]} Rf5 {[%emt 0:00:05]} 34. Qxh5 {[%emt 0:14:44]}
Qe7 {[%emt 0:04:23]} 35. Qg4 {[%emt 0:03:44]} Qe3+ {[%emt 0:01:40]} 36. Kh1 {
[%emt 0:00:02]} Ne4 {[%emt 0:00:33]} 37. Bf3 {[%emt 0:00:11]} Rf4 {[%emt 0:03:
43]} 38. Qe6+ {[%emt 0:02:18]} Kh8 {[%emt 0:02:43]} 39. Qg6 {[%emt 0:00:04]}
R4f5 {[%emt 0:02:15]} 40. Qg4 {[%emt 0:01:21]} Nf2+ {[%emt 0:02:44]} 41. Rxf2 {
[%emt 0:50:07]} Qxf2 {[%emt 0:50:04]} 42. Qh4+ {[%emt 0:03:46]} Qxh4 {[%emt 0:
00:53]} 43. Rxh4+ {[%emt 0:00:06]} Kg8 {[%emt 0:00:03]} 44. Rd4 {[%emt 0:00:56]
} Rc8 {[%emt 0:01:06]} 45. Rd3 {[%emt 0:00:00]} b4 {[%emt 0:00:00]} 46. Bg4 {
[%emt 0:00:00]} bxc3 {[%emt 0:00:00]} 47. Rd1 {[%emt 0:00:00]} Rf2 {[%emt 0:00:
00]} 48. Bxc8 {[%emt 0:00:00]} Bxc8 {[%emt 0:00:00]} 49. Rc1 {[%emt 0:00:00]}
Rxa2 {[%emt 0:00:00]} 50. Nf3 {[%emt 0:00:00]} c2 {[%emt 0:00:00]} 51. Nd4 {
[%emt 0:00:00]} Kf7 {[%emt 0:00:00]} 52. Nxc2 {[%emt 0:00:00]} Bf5 {[%emt 0:00:
00]} 53. Nb4 {[%emt 0:00:00]} Rb2 {[%emt 0:00:00]} 54. Nxd5 {[%emt 0:00:00]}
Be4 {[%emt 0:00:00]} 55. Nf4 {[%emt 0:00:34]} Rf2 {[%emt 0:00:00]} 56. Rc7+ {
[%emt 0:02:41]} Kg8 {[%emt 0:00:00]} 57. Rc4 {[%emt 0:05:15]} Rxf4 {[%emt 0:00:
00]} 58. Kg1 {[%emt 0:00:03]} a5 {[%emt 0:00:00]} 59. g3 {[%emt 0:00:42]} Rf3 {
[%emt 0:00:00]} 60. Rxe4 {[%emt 0:00:04]} Rxg3+ {[%emt 0:00:00]} 61. Kf2 {
[%emt 0:15:38]} Rxb3 {[%emt 0:00:00]} 62. Re8+ {[%emt 0:00:41]} Kf7 {[%emt 0:
00:00]} 63. Ra8 {[%emt 0:00:02]} Rb5 {[%emt 0:00:00]} 64. Ra6 {[%emt 0:00:29]}
g5 {[%emt 0:00:00]} 65. Kg3 {[%emt 0:00:24]} Ke7 {[%emt 0:00:00]} 66. h4 {
[%emt 0:00:39]} gxh4+ {[%emt 0:00:00]} 67. Kxh4 {[%emt 0:00:03]} Kd7 {[%emt 0:
00:00]} 68. Kg4 {[%emt 0:01:16]} Kc7 {[%emt 0:00:00]} 69. Kf4 {[%emt 0:00:00]}
Kb7 {[%emt 0:00:00]} 70. Rh6 {[%emt 0:00:00]} a4 {[%emt 0:00:00]} 71. Ke3 {
[%emt 0:00:00]} a3 {[%emt 0:00:00]} 72. Rh1 {[%emt 0:00:00]} Kb6 {[%emt 0:00:
00]} 73. Kd2 {[%emt 0:00:00]} Ka5 {[%emt 0:00:00]} 74. Kc3 {[%emt 0:00:00]} Rb4
{[%emt 0:00:00]} 75. Rh8 {[%emt 0:00:00]} 1/2-1/2